Welcome to Marium Abdulla Library

Embrace knowledge with a breath of fresh air.

Browse Collection

Marium Abdulla Library

J.J. Pizzuto's fabric science / (Record no. 15193)

MARC details
000 -LEADER
fixed length control field 02423cam a2200421 i 4500
001 - CONTROL NUMBER
control field 18409912
003 - CONTROL NUMBER IDENTIFIER
control field IVS
005 - DATE AND TIME OF LATEST TRANSACTION
control field 20250711151500.0
008 - FIXED-LENGTH DATA ELEMENTS--GENERAL INFORMATION
fixed length control field 141218s2015 nyua b 001 0 eng
010 ## - LIBRARY OF CONGRESS CONTROL NUMBER
LC control number 2014049007
020 ## - INTERNATIONAL STANDARD BOOK NUMBER
International Standard Book Number 9781628926583
020 ## - INTERNATIONAL STANDARD BOOK NUMBER
Canceled/invalid ISBN 9781628926620 (ePDF)
040 ## - CATALOGING SOURCE
Original cataloging agency DLC
Language of cataloging eng
Transcribing agency DLC
Description conventions rda
Modifying agency DLC
042 ## - AUTHENTICATION CODE
Authentication code pcc
050 00 - LIBRARY OF CONGRESS CALL NUMBER
Classification number TS1765
Item number .C64 2015
082 00 - DEWEY DECIMAL CLASSIFICATION NUMBER
Classification number 338.476 COH
Edition information 23
Item number 21528
100 1# - MAIN ENTRY--PERSONAL NAME
Personal name Cohen, Allen C.
245 10 - TITLE STATEMENT
Title J.J. Pizzuto's fabric science /
Statement of responsibility, etc. Ingrid Johnson, Fashion Institute of Technology, Allen C. Cohen, Ajoy K. Sarkar, Fashion Institute of Technology.
246 30 - VARYING FORM OF TITLE
Title proper/short title Fabric science
250 ## - EDITION STATEMENT
Edition statement Eleventh edition.
264 #1 - PRODUCTION, PUBLICATION, DISTRIBUTION, MANUFACTURE, AND COPYRIGHT NOTICE
Place of production, publication, distribution, manufacture New York, :
Name of producer, publisher, distributor, manufacturer Fairchild Books, an imprint of Bloomsbury Publishing Inc.,
Date of production, publication, distribution, manufacture, or copyright notice 2015.
300 ## - PHYSICAL DESCRIPTION
Extent xix, 380 pages :
Other physical details color illustrations ;
Dimensions 30 cm
336 ## - CONTENT TYPE
Content type term text
Content type code txt
Source rdacontent
337 ## - MEDIA TYPE
Media type term unmediated
Media type code n
Source rdamedia
338 ## - CARRIER TYPE
Carrier type term volume
Carrier type code nc
Source rdacarrier
500 ## - GENERAL NOTE
General note Revised edition of: J.J. Pizzuto's Fabric science / Allen C. Cohen, Ingrid Johnson. 2012.
504 ## - BIBLIOGRAPHY, ETC. NOTE
Bibliography, etc. note Includes bibliographical references and index.
505 0# - FORMATTED CONTENTS NOTE
Formatted contents note The textile industry -- Fiber characteristics -- Natural and manufactured fibers -- Yarns and sewing threads -- Woven fabrics -- Knitted fabrics -- Other types of textiles -- Textile dyeing -- Textile printing -- Textile finishing -- Textiles and the environment -- Care and renovation of textiles -- Performance, technical, and smart textiles -- Textiles for interiors -- Determining fabric quality -- Guide to fabric selection -- Textile laws, regulations, and trade agreements.
520 ## - SUMMARY, ETC.
Summary, etc. With the increasing emphasis on textiles as a major global industry, this edition continues the tradition of meeting the needs of both students and professionals. Amongst other new material, Cohen and Johnson address the effect of textiles and textile products on the environment throughout the text.
650 #0 - SUBJECT ADDED ENTRY--TOPICAL TERM
Topical term or geographic name entry element Fashion & Accessories
Form subdivision Textile & Costume
650 #0 - SUBJECT ADDED ENTRY--TOPICAL TERM
Topical term or geographic name entry element Social sciences 
Form subdivision Economics 
-- Secondary industries and services
General subdivision Production 
700 1# - ADDED ENTRY--PERSONAL NAME
Personal name Johnson, Ingrid.
700 1# - ADDED ENTRY--PERSONAL NAME
Personal name Sarkar, Ajoy K.
700 1# - ADDED ENTRY--PERSONAL NAME
Personal name Pizzuto, Joseph J.
Fuller form of name (Joseph James).
Title of a work Fabric science.
906 ## - LOCAL DATA ELEMENT F, LDF (RLIN)
a 7
b cbc
c orignew
d 1
e ecip
f 20
g y-gencatlg
942 ## - ADDED ENTRY ELEMENTS (KOHA)
Source of classification or shelving scheme Dewey Decimal Classification
Koha item type Reference
Suppress in OPAC No
Holdings
Date last seen Total checkouts Full call number Barcode Price effective from Koha item type Lost status Source of classification or shelving scheme Damaged status Not for loan Collection Withdrawn status Home library Current library Shelving location Date acquired Source of acquisition Cost, normal purchase price
12/03/2024   338.476 COH 21528 12/03/2024 Reference   Dewey Decimal Classification     Textile   Marium Abdulla Library Marium Abdulla Library Reference 12/03/2024 Blessing 23177.74